[Event "Bayern-chTT (Oberliga)"]
[Site "Bayern 2008/09"]
[Date "2009.03.15"]
[Round "8.6"]
[White "Mittag, Ralf"]
[Black "Sternheimer, Erhard"]
[Result "1-0"]
[WhiteElo "2062"]
[BlackElo "2162"]
[PlyCount "109"]
[EventDate "2009.03.??"]
[EventType "team-tourn"]
[EventRounds "9"]
[WhiteTeam "Bamberg-SC 1"]
[BlackTeam "Königshofen 1"]

1. e4 e5 2. Nf3 d6 3. d4 exd4 4. Nxd4 Nf6 5. Nc3 Be7 6. Be2 O-O 7. Be3 Nc6 8.
f3 d5 9. Nxc6 bxc6 10. e5 Nd7 11. f4 Nb6 12. O-O f6 13. Bd4 f5 14. Bf2 Be6 15.
Nb1 c5 16. Nd2 Na4 17. c4 Nxb2 18. Qc2 Nxc4 19. Nxc4 dxc4 20. Bxc4 Qc8 21.
Bxe6+ Qxe6 22. Bxc5 Bxc5+ 23. Qxc5 Qb6 24. Rac1 Rfd8 25. h3 Rd2 26. Kh2 Qxc5
27. Rxc5 Rxa2 28. Rxc7 Rf8 29. Rd1 Ra6 30. Rdd7 Rg6 31. Rxa7 h6 32. Rd3 Rb8 33.
Rg3 Rxg3 34. Kxg3 Rb3+ 35. Kh4 Rb4 36. Kg3 Rb3+ 37. Kh2 Rb4 38. Kg3 Rb3+ 39.
Kf2 Rb2+ 40. Kf3 Rb3+ 41. Kf2 Rb2+ 42. Ke3 Rxg2 43. e6 Kf8 44. Kd4 Rg3 45. h4
Rg1 46. Ke5 Rg2 47. Kxf5 Rg1 48. Rf7+ Kg8 49. Ke5 Rh1 50. Kd6 Rxh4 51. Rf5 Rh1
52. e7 Rd1+ 53. Ke6 Re1+ 54. Re5 Rxe5+ 55. fxe5 1-0

[Event "Bayern-chTT (Oberliga)"]
[Site "Bayern 2008/09"]
[Date "2009.03.15"]
[Round "8.7"]
[White "Fischer, Thomas(92)"]
[Black "Bucka, Reinhard"]
[Result "1-0"]
[WhiteElo "2071"]
[BlackElo "1971"]
[PlyCount "73"]
[EventDate "2009.03.??"]
[EventType "team-tourn"]
[EventRounds "9"]
[WhiteTeam "Königshofen 1"]
[BlackTeam "Bamberg-SC 1"]

1. c4 c5 2. Nc3 Nc6 3. g3 g6 4. Bg2 Bg7 5. e4 e5 6. Nge2 Nge7 7. O-O O-O 8. d3
d6 9. Rb1 Rb8 10. a3 a6 11. b4 cxb4 12. axb4 b5 13. cxb5 axb5 14. Be3 Be6 15.
Nd5 Nd4 16. Qd2 Nxe2+ 17. Qxe2 Nc6 18. f4 f5 19. Rfc1 Bxd5 20. exd5 Nd4 21.
Bxd4 exd4 22. Qe6+ Kh8 23. Rc6 Rf6 24. Qe2 Rf7 25. Re1 Bf8 26. Qe6 Rf6 27. Qe2
Rf7 28. Qb2 Bg7 29. Re6 Rf6 30. Qe2 Bf8 31. h4 h5 32. Qc2 Kh7 33. Rc7+ Kh6 34.
Qc6 Rxe6 35. dxe6 d5 36. Rd7 Qe8 37. Qc7 1-0

[Event "Bayern-chTT (Oberliga)"]
[Site "Bayern 2008/09"]
[Date "2009.03.15"]
[Round "8.8"]
[White "Mikuta, Alexander"]
[Black "Schmid, Michael(77)"]
[Result "1-0"]
[WhiteElo "1965"]
[BlackElo "2150"]
[PlyCount "69"]
[EventDate "2009.03.??"]
[EventType "team-tourn"]
[EventRounds "9"]
[WhiteTeam "Bamberg-SC 1"]
[BlackTeam "Königshofen 1"]

1. e4 c6 2. d3 d5 3. Nd2 dxe4 4. dxe4 e5 5. Ngf3 Bc5 6. g3 Nf6 7. Bg2 Bg4 8.
O-O Qe7 9. Qe2 Nbd7 10. a3 a5 11. Nc4 O-O 12. Ne3 Bxe3 13. Qxe3 Rfd8 14. h3 Be6
15. Re1 h6 16. b3 Ne8 17. Bb2 f6 18. Nh4 Qc5 19. Qe2 Nc7 20. a4 b5 21. Ba3 b4
22. Bc1 Qc3 23. Be3 c5 24. Nf5 c4 25. Qg4 Bxf5 26. exf5 h5 27. Qxh5 Ra6 28.
Rad1 cxb3 29. Qg6 Nf8 30. Rxd8 Qxe1+ 31. Kh2 Qxe3 32. fxe3 b2 33. Bd5+ Re6 34.
fxe6 Nxd5 35. Rxf8+ 1-0

[Event "Bayern-chTT (Oberliga)"]
[Site "Bayern 2008/09"]
[Date "2009.03.15"]
[Round "8.1"]
[White "Baldauf, Marco"]
[Black "Vavra, Pavel"]
[Result "1-0"]
[WhiteElo "2292"]
[BlackElo "2391"]
[PlyCount "93"]
[EventDate "2009.03.??"]
[EventType "team-tourn"]
[EventRounds "9"]
[WhiteTeam "Pang/Ro.1"]
[BlackTeam "Würzburg 1"]

1. e4 c5 2. Nf3 e6 3. d4 cxd4 4. Nxd4 Qb6 5. Nc3 Bc5 6. Na4 Qa5+ 7. c3 Bxd4 8.
Qxd4 Nf6 9. Nc5 Nc6 10. Qd6 b6 11. Nb3 Nxe4 12. Qxc6 dxc6 13. Nxa5 bxa5 14. Be3
O-O 15. O-O-O Nf6 16. Rd6 Bb7 17. Be2 c5 18. f3 Rac8 19. Ba6 Ne8 20. Bxb7 Nxd6
21. Bxc8 Rxc8 22. Rd1 Ne8 23. Rd7 a6 24. Kc2 c4 25. b4 axb4 26. cxb4 Nf6 27.
Ra7 Nd5 28. Bc5 h5 29. Rxa6 Nf4 30. g3 Nd3 31. Bd6 Ne1+ 32. Kc3 Nxf3 33. b5 Ng5
34. Bf4 Ne4+ 35. Kd4 f5 36. Rc6 Rd8+ 37. Kxc4 g5 38. Be5 Nd2+ 39. Kb4 Nf3 40.
Bc3 Kf7 41. b6 f4 42. gxf4 g4 43. b7 Rb8 44. Rc7+ Kg6 45. Be5 Nxe5 46. fxe5 h4
47. Ka5 1-0

[Event "Bayern-chTT (Oberliga)"]
[Site "Bayern 2008/09"]
[Date "2009.03.15"]
[Round "8.2"]
[White "Siepelt, Heiner"]
[Black "Blaskowski, Johannes"]
[Result "1/2-1/2"]
[WhiteElo "2276"]
[BlackElo "2295"]
[PlyCount "96"]
[EventDate "2009.03.??"]
[EventType "team-tourn"]
[EventRounds "9"]
[WhiteTeam "Würzburg 1"]
[BlackTeam "Pang/Ro.1"]

1. e4 c5 2. Nf3 e6 3. d3 d5 4. Qe2 Nc6 5. g3 dxe4 6. dxe4 Nf6 7. e5 Nd7 8. Bg2
Qc7 9. Bf4 h6 10. h4 Be7 11. c4 Nd4 12. Nxd4 cxd4 13. Nd2 Qa5 14. a3 Rb8 15. h5
b5 16. O-O bxc4 17. Nxc4 Ba6 18. Rfc1 Qa4 19. b4 O-O 20. Qe4 Rfd8 21. Nd6 Bxd6
22. exd6 d3 23. Bf1 Qb5 24. Qf3 Qf5 25. g4 Qf6 26. Qg3 e5 27. Be3 Qxd6 28. Bxa7
Ra8 29. Be3 Nf6 30. Bg2 Rac8 31. Rc5 Rxc5 32. bxc5 Qe6 33. Bf3 Nd5 34. Bd2 Bb7
35. Re1 f6 36. Be4 Bc6 37. Bf5 Qe7 38. Qxd3 Nf4 39. Qb3+ Bd5 40. Qc3 Ng2 41. c6
Nxe1 42. Bxe1 Qc7 43. Qa5 Qxa5 44. Bxa5 Ra8 45. c7 Bb7 46. Bb6 Kf7 47. a4 Rxa4
48. c8=Q Ra1+ 1/2-1/2

[Event "Bayern-chTT (Oberliga)"]
[Site "Bayern 2008/09"]
[Date "2009.03.15"]
[Round "8.3"]
[White "Vogel, Robert(57)"]
[Black "Seuffert, Gabriel"]
[Result "1/2-1/2"]
[WhiteElo "2207"]
[BlackElo "2242"]
[PlyCount "125"]
[EventDate "2009.03.??"]
[EventType "team-tourn"]
[EventRounds "9"]
[WhiteTeam "Pang/Ro.1"]
[BlackTeam "Würzburg 1"]

1. d4 d5 2. c4 c6 3. Nf3 Nf6 4. Nc3 a6 5. g3 dxc4 6. a4 e6 7. Bg2 c5 8. dxc5
Qxd1+ 9. Nxd1 Nc6 10. Ne3 Bxc5 11. Nxc4 Ke7 12. O-O Rd8 13. Be3 Bxe3 14. Nxe3
Bd7 15. Nc4 Be8 16. Rfc1 Nd7 17. e3 Nc5 18. Nb6 Nb3 19. Nxa8 Rxa8 20. Kf1 Rd8
21. Rab1 Nxc1 22. Rxc1 f6 23. Ke2 Bh5 24. h3 f5 25. Kf1 e5 26. Ne1 Rd1 27. Rc3
e4 28. g4 fxg4 29. hxg4 Bg6 30. Ke2 Rd7 31. Nc2 Ne5 32. Nd4 Nxg4 33. Rc5 Kd6
34. Rg5 Nf6 35. Bh3 Rc7 36. Bf5 Be8 37. b3 g6 38. Bh3 Bf7 39. Kd2 Rc5 40. Rg1
Rh5 41. Bc8 Bd5 42. b4 Rh2 43. Ke1 Ng8 44. b5 Ne7 45. Bg4 a5 46. Bd1 Ng8 47.
Rg5 Rh1+ 48. Kd2 Nf6 49. Ne2 Rh2 50. Ke1 Nd7 51. Nc3 Ne5 52. Nxd5 Kxd5 53. Bc2
h6 54. Rg3 Rh4 55. Ke2 Kc4 56. Rg1 Kc3 57. Bb1 Kb2 58. Rd1 g5 59. Rd5 Nd3 60.
Bxd3 exd3+ 61. Kxd3 Rxa4 62. b6 Ra3+ 63. Ke4 1/2-1/2

[Event "Bayern-chTT (Oberliga)"]
[Site "Bayern 2008/09"]
[Date "2009.03.15"]
[Round "8.4"]
[White "Rupp, Markus(73)"]
[Black "Maurer, Jochen(80)"]
[Result "1-0"]
[WhiteElo "2206"]
[BlackElo "2164"]
[PlyCount "78"]
[EventDate "2009.03.??"]
[EventType "team-tourn"]
[EventRounds "9"]
[WhiteTeam "Würzburg 1"]
[BlackTeam "Pang/Ro.1"]

1. d4 Nf6 2. c4 g6 3. Nc3 Bg7 4. e4 d6 5. f3 O-O 6. Be3 Nc6 7. Qd2 a6 8. Nge2
Rb8 9. h4 h5 10. Nd5 b5 11. cxb5 Nxd5 12. exd5 Na7 13. Bh6 e5 14. dxe6 Bxe6 15.
Bxg7 Kxg7 16. d5 Bxd5 17. Qxd5 Nxb5 18. a4 c6 19. Qd2 Nc7 20. O-O-O Ne6 21.
Qxd6 Qa5 22. Nc3 Rb3 23. Qd2 Qb4 24. Ne4 Qxa4 25. Qc2 Qa1+ 26. Qb1 Qa4 27. Qc2
Qa1+ 28. Qb1 Qa4 29. Rd2 Rfb8 30. Be2 Nd4 31. Rhd1 Rxb2 32. Rxb2 Nxe2+ 33. Kd2
Qd4+ 34. Kxe2 Qxb2+ 35. Qxb2+ Rxb2+ 36. Rd2 Rb8 37. Ke3 a5 38. Rc2 Rc8 39. Rc5
f6 1-0

[Event "Bayern-chTT (Oberliga)"]
[Site "Bayern 2008/09"]
[Date "2009.03.15"]
[Round "8.5"]
[White "Duer, Werner"]
[Black "Graef, Harald"]
[Result "0-1"]
[WhiteElo "2189"]
[BlackElo "2181"]
[PlyCount "112"]
[EventDate "2009.03.??"]
[EventType "team-tourn"]
[EventRounds "9"]
[WhiteTeam "Pang/Ro.1"]
[BlackTeam "Würzburg 1"]

1. d4 d5 2. Nf3 Nf6 3. c4 c6 4. e3 Bg4 5. h3 Bh5 6. Nc3 e6 7. g4 Bg6 8. Ne5
Nbd7 9. Nxg6 hxg6 10. g5 Ng8 11. e4 dxe4 12. Nxe4 Qc7 13. Bd2 Ne7 14. Qa4 Nf5
15. c5 e5 16. dxe5 Qxe5 17. O-O-O Nxc5 18. Nxc5 Qxc5+ 19. Bc3 Be7 20. Kb1 Rh4
21. Qb3 Qb6 22. Qc2 Rf4 23. Be2 Rxf2 24. Rhe1 Kf8 25. h4 Re8 26. Rd7 Rd8 27.
Rxe7 Nxe7 28. Qe4 Nf5 29. Bg4 Qc7 30. Be5 Qd7 31. Bc3 Qd3+ 32. Qxd3 Rxd3 33.
Bb4+ Kg8 34. h5 gxh5 35. Bxh5 Rd8 36. g6 fxg6 37. Bxg6 Ng3 38. Be7 Rdd2 39. Bb4
Rde2 40. Rd1 Rf1 41. Rxf1 Nxf1 42. Bd3 Rh2 43. a3 Nd2+ 44. Kc2 Nc4+ 45. Kb3
Nxb2 46. Bg6 Nd1 47. a4 Rh3+ 48. Kc2 Ne3+ 49. Kd2 Nd5 50. Bc5 b6 51. Bf2 Kf8
52. a5 Ke7 53. axb6 axb6 54. Bd4 c5 55. Ba1 Rh2+ 56. Kd1 Nf4 0-1

[Event "Bayern-chTT (Oberliga)"]
[Site "Bayern 2008/09"]
[Date "2009.03.15"]
[Round "8.6"]
[White "Zehnter, Sebastian"]
[Black "Heubusch, Michael"]
[Result "1-0"]
[WhiteElo "2182"]
[BlackElo "2122"]
[PlyCount "47"]
[EventDate "2009.03.??"]
[EventType "team-tourn"]
[EventRounds "9"]
[WhiteTeam "Würzburg 1"]
[BlackTeam "Pang/Ro.1"]

1. b3 d6 2. Bb2 e5 3. e3 Nf6 4. d4 e4 5. Nd2 d5 6. a3 Bd6 7. c4 c6 8. h3 h5 9.
Qc2 g6 10. Ne2 Bf5 11. Nc3 a6 12. a4 Qe7 13. Be2 Nbd7 14. O-O-O h4 15. c5 Bc7
16. b4 b5 17. cxb6 Bd6 18. a5 Bxb4 19. Nb3 O-O 20. Na4 c5 21. dxc5 Ne5 22. Bxe5
Qxe5 23. Rd4 Ba3+ 24. Kb1 1-0

[Event "Bayern-chTT (Oberliga)"]
[Site "Bayern 2008/09"]
[Date "2009.03.15"]
[Round "8.7"]
[White "Wimmer, Herbert(42)"]
[Black "Reis, Thomas(70)"]
[Result "1-0"]
[WhiteElo "2069"]
[BlackElo "2110"]
[PlyCount "53"]
[EventDate "2009.03.??"]
[EventType "team-tourn"]
[EventRounds "9"]
[WhiteTeam "Pang/Ro.1"]
[BlackTeam "Würzburg 1"]

1. d4 e6 2. e4 d5 3. Nc3 dxe4 4. Nxe4 Bd7 5. Bd3 Bc6 6. Nf3 Nd7 7. c3 Ngf6 8.
Bg5 Be7 9. Bxf6 Nxf6 10. Nxf6+ Bxf6 11. Qe2 Qd5 12. O-O-O O-O 13. Kb1 Qh5 14.
Be4 Bxe4+ 15. Qxe4 Qg6 16. Qxg6 hxg6 17. h4 Rfd8 18. g4 c6 19. h5 gxh5 20. g5
Be7 21. Rxh5 Bd6 22. Rdh1 Kf8 23. Rh7 c5 24. g6 f6 25. Re1 Re8 26. d5 e5 27.
Nh4 1-0

[Event "Bayern-chTT (Oberliga)"]
[Site "Bayern 2008/09"]
[Date "2009.03.15"]
[Round "8.8"]
[White "Alm, Christopher"]
[Black "Lindenberg, Georg"]
[Result "1/2-1/2"]
[WhiteElo "1998"]
[BlackElo "2086"]
[PlyCount "27"]
[EventDate "2009.03.??"]
[EventType "team-tourn"]
[EventRounds "9"]
[WhiteTeam "Würzburg 1"]
[BlackTeam "Pang/Ro.1"]

1. d4 d5 2. Nf3 Nf6 3. e3 c6 4. c4 Nbd7 5. cxd5 cxd5 6. Nc3 e6 7. Bd3 Be7 8.
O-O O-O 9. Qe2 a6 10. e4 dxe4 11. Nxe4 Nxe4 12. Qxe4 Nf6 13. Qh4 g6 14. Re1
1/2-1/2

[Event "Bayern-chTT (Oberliga)"]
[Site "Bayern 2008/09"]
[Date "2009.03.15"]
[Round "8.1"]
[White "Terekhov, Andrey"]
[Black "Barsov, Alexei"]
[Result "0-1"]
[WhiteElo "2290"]
[BlackElo "2492"]
[PlyCount "70"]
[EventDate "2009.03.??"]
[EventType "team-tourn"]
[EventRounds "9"]
[WhiteTeam "München-Bayern 2"]
[BlackTeam "Krumbach 1"]

1. d4 d5 2. Nf3 Nf6 3. c4 e6 4. Nc3 Bb4 5. cxd5 exd5 6. Bg5 Nbd7 7. e3 c5 8.
Bd3 c4 9. Bf5 Nb6 10. Bxc8 Rxc8 11. O-O O-O 12. Ne5 Be7 13. Qf3 Qd6 14. Bxf6
Bxf6 15. e4 Bxe5 16. dxe5 Qxe5 17. exd5 Rfe8 18. Rad1 Rcd8 19. g3 h6 20. Rd2
Nc8 21. Re2 Qc7 22. Rfe1 Rxe2 23. Rxe2 Nd6 24. a4 a6 25. Qf4 b5 26. axb5 axb5
27. Ne4 Qe7 28. Nxd6 Qxe2 29. Qxf7+ Kh8 30. Qf5 Rxd6 31. Qf8+ Kh7 32. Qxd6 Qxb2
33. Kg2 Qe2 34. Qc6 Qe4+ 35. Kh3 b4 0-1

[Event "Bayern-chTT (Oberliga)"]
[Site "Bayern 2008/09"]
[Date "2009.03.15"]
[Round "8.2"]
[White "Vokac, Marek"]
[Black "Meister, Peter(66)"]
[Result "1/2-1/2"]
[WhiteElo "2452"]
[BlackElo "2366"]
[PlyCount "83"]
[EventDate "2009.03.??"]
[EventType "team-tourn"]
[EventRounds "9"]
[WhiteTeam "Krumbach 1"]
[BlackTeam "München-Bayern 2"]

1. d4 d5 2. c4 dxc4 3. Nf3 a6 4. e3 Bg4 5. Bxc4 e6 6. h3 Bh5 7. Nc3 Nc6 8. O-O
Nf6 9. Be2 Bd6 10. a3 O-O 11. b4 Nd5 12. Bb2 Nxc3 13. Bxc3 Qe8 14. Ra2 Rd8 15.
Rd2 f6 16. Qb3 Kh8 17. Rfd1 f5 18. Ng5 Bxe2 19. Rxe2 Qh5 20. Nf3 Ne7 21. b5
axb5 22. Qxb5 Nd5 23. Rc2 g5 24. Qe2 Bxa3 25. e4 fxe4 26. Qxe4 Bd6 27. Bd2 Rxf3
28. Qxf3 Qxf3 29. gxf3 Rf8 30. Re1 Rf6 31. Re4 h6 32. h4 gxh4 33. Rxh4 Kh7 34.
Rb2 b6 35. Kf1 Bf4 36. Bxf4 Nxf4 37. Rc2 Rf7 38. Rc6 h5 39. Rxf4 Rxf4 40. Rxc7+
Kg6 41. Rc6 Kf5 42. Rxb6 1/2-1/2

[Event "Bayern-chTT (Oberliga)"]
[Site "Bayern 2008/09"]
[Date "2009.03.15"]
[Round "8.3"]
[White "Drexel, Michael"]
[Black "Lang, Marc(69)"]
[Result "0-1"]
[WhiteElo "2253"]
[BlackElo "2275"]
[PlyCount "82"]
[EventDate "2009.03.??"]
[EventType "team-tourn"]
[EventRounds "9"]
[WhiteTeam "München-Bayern 2"]
[BlackTeam "Krumbach 1"]

1. c4 Nf6 2. d4 g6 3. Nc3 d5 4. e3 Bg7 5. Qb3 e6 6. Qa3 Nc6 7. Nf3 Ne7 8. b3
O-O 9. Be2 Ne4 10. Nxe4 dxe4 11. Nd2 e5 12. d5 f5 13. Bb2 Kh8 14. Bc3 Ng8 15.
Qb2 Qe7 16. a3 c6 17. Bb4 c5 18. Bc3 a5 19. Rb1 Re8 20. b4 axb4 21. axb4 cxb4
22. Qxb4 Qh4 23. Qb2 Nh6 24. O-O Ng4 25. Bxg4 Qxg4 26. Ra1 Rxa1 27. Rxa1 Qe2
28. c5 Qd3 29. d6 Bd7 30. Rc1 Bc6 31. Qc2 Ra8 32. Qxd3 exd3 33. f3 Kg8 34. Nc4
Ra2 35. Rd1 e4 36. Bxg7 Kxg7 37. fxe4 fxe4 38. Ne5 Kf6 39. Nxc6 bxc6 40. g4 Rc2
41. Rb1 d2 0-1

[Event "Bayern-chTT (Oberliga)"]
[Site "Bayern 2008/09"]
[Date "2009.03.15"]
[Round "8.4"]
[White "Riefner, Edwin"]
[Black "Klebel, Martin"]
[Result "1/2-1/2"]
[WhiteElo "2234"]
[BlackElo "2290"]
[PlyCount "43"]
[EventDate "2009.03.??"]
[EventType "team-tourn"]
[EventRounds "9"]
[WhiteTeam "Krumbach 1"]
[BlackTeam "München-Bayern 2"]

1. e4 c5 2. b3 Nf6 3. e5 Nd5 4. Bb2 d6 5. exd6 exd6 6. Nc3 Nxc3 7. Bxc3 d5 8.
Bb5+ Nc6 9. d4 Qb6 10. Qe2+ Be6 11. Nf3 Be7 12. dxc5 Bxc5 13. Bxc6+ Qxc6 14.
Nd4 Qd7 15. O-O O-O 16. Nxe6 Qxe6 17. Qd3 Qe4 18. Rad1 Rfd8 19. Rfe1 Qxd3 20.
Rxd3 Rac8 21. Re2 d4 22. Bb2 1/2-1/2

[Event "Bayern-chTT (Oberliga)"]
[Site "Bayern 2008/09"]
[Date "2009.03.15"]
[Round "8.5"]
[White "Leitner, Maximilian"]
[Black "Kempter, Ronald"]
[Result "1/2-1/2"]
[WhiteElo "2217"]
[BlackElo "2223"]
[PlyCount "45"]
[EventDate "2009.03.??"]
[EventType "team-tourn"]
[EventRounds "9"]
[WhiteTeam "München-Bayern 2"]
[BlackTeam "Krumbach 1"]

1. c4 Nf6 2. Nc3 c5 3. g3 d5 4. cxd5 Nxd5 5. Bg2 Nc7 6. Qb3 Nd7 7. Nf3 e6 8.
O-O Be7 9. Rd1 e5 10. e3 Ne6 11. d4 cxd4 12. exd4 exd4 13. Nxd4 Nxd4 14. Rxd4
O-O 15. Nd5 Bc5 16. Rd1 Nb6 17. Be3 Bxe3 18. Nxe3 Qe7 19. a4 Be6 20. Qb5 Bd7
21. Qb3 Be6 22. Qb5 Bd7 23. Qb3 1/2-1/2

[Event "Bayern-chTT (Oberliga)"]
[Site "Bayern 2008/09"]
[Date "2009.03.15"]
[Round "8.6"]
[White "Wild, Rudolf(63)"]
[Black "Braun, Christian Dr(67)"]
[Result "1/2-1/2"]
[WhiteElo "2205"]
[BlackElo "2185"]
[PlyCount "76"]
[EventDate "2009.03.??"]
[EventType "team-tourn"]
[EventRounds "9"]
[WhiteTeam "Krumbach 1"]
[BlackTeam "München-Bayern 2"]

1. d4 Nf6 2. c4 e6 3. Nc3 Bb4 4. Qc2 O-O 5. Bg5 d5 6. cxd5 exd5 7. e3 h6 8. Bh4
c5 9. Nf3 Nc6 10. a3 Qa5 11. Bxf6 gxf6 12. Rc1 Bxc3+ 13. Qxc3 Qxc3+ 14. Rxc3 c4
15. Kd2 b5 16. Be2 a5 17. Rcc1 b4 18. Bd1 Bd7 19. Ba4 Rfb8 20. Rc2 Rb7 21. Bxc6
Bxc6 22. Ra1 Ba4 23. Rcc1 bxa3 24. bxa3 Rab8 25. Ke1 Rb2 26. Nd2 Bc2 27. Nf1
Be4 28. Nd2 Bxg2 29. Nb1 Be4 30. Nc3 Bd3 31. Ra2 Kg7 32. Rxb2 Rxb2 33. h4 Kg6
34. Nxd5 Re2+ 35. Kd1 Rxf2 36. Nf4+ Kf5 37. d5 Ke5 38. Rc3 Bf1 1/2-1/2

[Event "Bayern-chTT (Oberliga)"]
[Site "Bayern 2008/09"]
[Date "2009.03.15"]
[Round "8.7"]
[White "Christensen, Niels"]
[Black "Egger, Thomas(58)"]
[Result "1/2-1/2"]
[WhiteElo "2159"]
[BlackElo "2156"]
[PlyCount "95"]
[EventDate "2009.03.??"]
[EventType "team-tourn"]
[EventRounds "9"]
[WhiteTeam "München-Bayern 2"]
[BlackTeam "Krumbach 1"]

1. d4 Nf6 2. c4 c5 3. Nf3 cxd4 4. Nxd4 e5 5. Nb5 d5 6. cxd5 Bc5 7. e3 O-O 8.
N5c3 Bf5 9. Be2 Na6 10. a3 Nc7 11. b4 Bd6 12. O-O e4 13. Bb2 Qe7 14. Nd2 Ncxd5
15. Nxd5 Nxd5 16. Nc4 Rfd8 17. Qd4 Nf6 18. Nxd6 Qxd6 19. Rac1 Ne8 20. Rc5 Qg6
21. Qe5 Bh3 22. Qg3 Qxg3 23. hxg3 Rd2 24. Bd4 Be6 25. Bb5 Ra2 26. Rc3 Nd6 27.
Ba4 Rc8 28. Rfc1 Rxc3 29. Rxc3 Nc4 30. Bc2 Rxa3 31. Rxa3 Nxa3 32. Bxe4 b6 33.
Bc6 Nc4 34. Kf1 f6 35. Ke2 Kf7 36. Kd3 Ne5+ 37. Bxe5 fxe5 38. Ke4 Kf6 39. b5
Bc4 40. f4 exf4 41. gxf4 h6 42. Kd4 Bf1 43. e4 Ke6 44. e5 a6 45. bxa6 Bxa6 46.
Ke4 Bf1 47. f5+ Ke7 48. Kd4 1/2-1/2

[Event "Bayern-chTT (Oberliga)"]
[Site "Bayern 2008/09"]
[Date "2009.03.15"]
[Round "8.8"]
[White "Trassl, Franz"]
[Black "Braun, Thomas Dr(57)"]
[Result "1/2-1/2"]
[WhiteElo "2111"]
[BlackElo "2080"]
[PlyCount "87"]
[EventDate "2009.03.??"]
[EventType "team-tourn"]
[EventRounds "9"]
[WhiteTeam "Krumbach 1"]
[BlackTeam "München-Bayern 2"]

1. Nf3 d5 2. b3 Nf6 3. Bb2 Bf5 4. e3 e6 5. Be2 h6 6. d3 Bd6 7. c4 c6 8. Nc3
Nbd7 9. O-O O-O 10. a3 a6 11. b4 Qe7 12. c5 Bc7 13. d4 e5 14. Re1 e4 15. Nd2 h5
16. Bxh5 g6 17. Be2 Kg7 18. f4 exf3 19. Bxf3 Rh8 20. Nf1 Ne4 21. Nxe4 Bxe4 22.
Bxe4 Qxe4 23. Qf3 Nf6 24. Re2 Qh4 25. g3 Qe4 26. Nd2 Qxf3 27. Nxf3 Rae8 28. Rf1
Ne4 29. Bc1 f5 30. Kg2 Rh7 31. Bd2 g5 32. Be1 Kg6 33. h4 Reh8 34. a4 Bd8 35.
Ne5+ Kf6 36. g4 gxh4 37. Rxf5+ Ke6 38. Kh3 Ng5+ 39. Kh2 h3 40. Bg3 Ne4 41. Bf4
Rg8 42. Rh5 Rgh8 43. Rxh7 Rxh7 44. Nf3 1/2-1/2

[Event "Bayern-chTT (Oberliga)"]
[Site "Bayern 2008/09"]
[Date "2009.03.15"]
[Round "8.1"]
[White "Milov, Leonid"]
[Black "Taggatz, Mario"]
[Result "1-0"]
[WhiteElo "2487"]
[BlackElo "2274"]
[PlyCount "45"]
[EventDate "2009.03.??"]
[EventType "team-tourn"]
[EventRounds "9"]
[WhiteTeam "Nürnberg-NT 1"]
[BlackTeam "Gröbenzell 1"]

1. e4 c5 2. Nf3 Nc6 3. d4 cxd4 4. Nxd4 e6 5. Nc3 Qc7 6. f4 a6 7. Nxc6 Qxc6 8.
Bd3 b5 9. Qe2 Bb7 10. Bd2 Be7 11. a3 Rc8 12. O-O Nf6 13. e5 Nd5 14. Ne4 f5 15.
exf6 Nxf6 16. Ng5 O-O 17. Rae1 g6 18. Kh1 Rce8 19. Bc3 Nd5 20. Qh5 Bxg5 21.
Bxg6 Nf6 22. Bxh7+ Kg7 23. Be4 1-0

[Event "Bayern-chTT (Oberliga)"]
[Site "Bayern 2008/09"]
[Date "2009.03.15"]
[Round "8.2"]
[White "Rohrmueller, Ulrich"]
[Black "Mischustov, Michael"]
[Result "0-1"]
[WhiteElo "2275"]
[BlackElo "2345"]
[PlyCount "80"]
[EventDate "2009.03.??"]
[EventType "team-tourn"]
[EventRounds "9"]
[WhiteTeam "Gröbenzell 1"]
[BlackTeam "Nürnberg-NT 1"]

1. d4 Nf6 2. Nf3 e6 3. e3 b6 4. Bd3 Bb7 5. O-O g6 6. c4 Bg7 7. Nc3 d5 8. cxd5
Nxd5 9. Bd2 O-O 10. e4 Nb4 11. Be2 Qd7 12. Be3 N4a6 13. Qc1 c5 14. Rd1 Qe7 15.
d5 exd5 16. exd5 Nd7 17. Bb5 Ne5 18. Nxe5 Bxe5 19. Bf4 Bd4 20. Bc6 Bxc6 21.
dxc6 Qf6 22. Ne4 Qe6 23. Ng5 Qe2 24. Rd2 Qg4 25. Rd1 Rac8 26. Nf3 Bxb2 27. Qxb2
Qxf4 28. Qa3 Nb4 29. Qxa7 Rxc6 30. a3 Nc2 31. Rac1 Rd6 32. Qe7 Nd4 33. Nxd4
Rxd4 34. g3 Rxd1+ 35. Rxd1 Qf3 36. Qd6 Qb3 37. Qd3 Qa4 38. Rb1 c4 39. Qd6 c3
40. Qb4 Qc6 0-1

[Event "Bayern-chTT (Oberliga)"]
[Site "Bayern 2008/09"]
[Date "2009.03.15"]
[Round "8.3"]
[White "Wagner, Florian(06.90)"]
[Black "Schuster, Karsten(73)"]
[Result "1-0"]
[WhiteElo "2217"]
[BlackElo "2196"]
[PlyCount "132"]
[EventDate "2009.03.??"]
[EventType "team-tourn"]
[EventRounds "9"]
[WhiteTeam "Nürnberg-NT 1"]
[BlackTeam "Gröbenzell 1"]

1. e4 d5 2. exd5 Qxd5 3. Nf3 Bg4 4. Nc3 Qd6 5. h3 Bxf3 6. Qxf3 c6 7. g3 Nf6 8.
Bg2 Nbd7 9. O-O e6 10. Qe2 Be7 11. b3 O-O 12. Bb2 Rad8 13. Rad1 Rfe8 14. d4 Bf8
15. Rfe1 Qc7 16. Nb1 Qa5 17. a3 Qf5 18. c4 Nb6 19. Nc3 Nc8 20. b4 Nd6 21. Rd2
a6 22. Nd1 Qg6 23. Ne3 Nf5 24. Qd1 Bd6 25. Ng4 Nxg4 26. hxg4 Ne7 27. Be4 f5 28.
gxf5 exf5 29. Bf3 f4 30. Bh5 Qg5 31. Bxe8 Rxe8 32. c5 fxg3 33. cxd6 gxf2+ 34.
Kxf2 Rf8+ 35. Ke2 Qf5 36. Qb3+ Nd5 37. Rd3 Kh8 38. Kd1 Nf4 39. Rde3 Ng2 40. Kc1
Qf4 41. Kb1 Nxe1 42. Rxe1 Qxd6 43. d5 cxd5 44. Bd4 h6 45. Rg1 Rf7 46. Qc3 Qd7
47. Kb2 Kg8 48. Qe3 Qe7 49. Be5 Qh4 50. Rg2 Qe4 51. Qxe4 dxe4 52. Kc3 Rd7 53.
Rd2 Rf7 54. Kd4 Kh7 55. Kxe4 Kg6 56. Rg2+ Kh7 57. Rc2 g5 58. Rc7 Rxc7 59. Bxc7
Kg6 60. Be5 h5 61. a4 h4 62. Bd4 Kh5 63. Kf3 g4+ 64. Kf4 g3 65. Bg1 a5 66. b5
g2 1-0

[Event "Bayern-chTT (Oberliga)"]
[Site "Bayern 2008/09"]
[Date "2009.03.15"]
[Round "8.4"]
[White "Zach, Andreas(60)"]
[Black "Epding, Olaf"]
[Result "1-0"]
[WhiteElo "2248"]
[BlackElo "2157"]
[PlyCount "71"]
[EventDate "2009.03.??"]
[EventType "team-tourn"]
[EventRounds "9"]
[WhiteTeam "Gröbenzell 1"]
[BlackTeam "Nürnberg-NT 1"]

1. d4 d5 2. Bf4 Nf6 3. e3 e6 4. c3 Bd6 5. Bxd6 Qxd6 6. f4 O-O 7. Nd2 b6 8. Bd3
Ba6 9. Bxa6 Nxa6 10. Ngf3 c5 11. Ne5 b5 12. a3 Nd7 13. O-O f6 14. Nxd7 Qxd7 15.
Qe2 Qc6 16. Nf3 Nc7 17. Rfe1 Qd6 18. e4 c4 19. Qd2 dxe4 20. Rxe4 Rfe8 21. Rae1
Rad8 22. g4 Qd5 23. Qe2 Qd7 24. g5 Qd5 25. Qg2 Kh8 26. Qh3 Qf5 27. Qg3 fxg5 28.
fxg5 Rf8 29. Nh4 Qf7 30. g6 Qd7 31. gxh7 Kxh7 32. Ng6 Rf5 33. Rh4+ Kg8 34. Re5
Qd6 35. Rh8+ Kf7 36. Rf8+ 1-0

[Event "Bayern-chTT (Oberliga)"]
[Site "Bayern 2008/09"]
[Date "2009.03.15"]
[Round "8.5"]
[White "Kirchner, Thomas"]
[Black "Kaunzinger, Albert"]
[Result "1-0"]
[WhiteElo "2266"]
[BlackElo "2187"]
[PlyCount "83"]
[EventDate "2009.03.??"]
[EventType "team-tourn"]
[EventRounds "9"]
[WhiteTeam "Nürnberg-NT 1"]
[BlackTeam "Gröbenzell 1"]

1. e4 d5 2. exd5 Qxd5 3. Nc3 Qd6 4. d4 Nf6 5. Bc4 a6 6. Nge2 b5 7. Bb3 Bb7 8.
Bf4 Qd7 9. O-O g6 10. Qd3 Bg7 11. a4 c6 12. Rfd1 O-O 13. f3 Qc8 14. Ng3 Nbd7
15. Kh1 b4 16. Nce4 Nxe4 17. fxe4 c5 18. c3 bxc3 19. bxc3 e5 20. Be3 exd4 21.
cxd4 cxd4 22. Bxd4 Ne5 23. Qe2 Qg4 24. Qb2 Qg5 25. Rf1 Qe7 26. Rad1 h5 27. Bd5
Rab8 28. Qc3 Rbc8 29. Qe3 h4 30. Ne2 Rc2 31. Nf4 Ng4 32. Qf3 Bxd4 33. Qxg4 Bxd5
34. Nxd5 Qe5 35. Nb4 Rc3 36. Nd3 Qh8 37. Nf4 h3 38. Nxh3 Be5 39. Rf5 Rfc8 40.
Rff1 Rc2 41. Qf3 R8c7 42. Rd8+ 1-0